[Orlando Letelier] [afiche] (Registro nro. 63874)
[ vista simple ]
| 000 -CABECERA | |
|---|---|
| campo de control de longitud fija | 01043nam a22002170a 4500 |
| 001 - NÚMERO DE CONTROL | |
| campo de control | PT36169 |
| 003 - IDENTIFICADOR DEL NÚMERO DE CONTROL | |
| campo de control | AR-LpoUNG |
| 005 - FECHA Y HORA DE LA ÚLTIMA TRANSACCIÓN | |
| campo de control | 20230307152413.0 |
| 007 - CAMPO FIJO DE DESCRIPCIÓN FÍSICA--INFORMACIÓN GENERAL | |
| campo de control de longitud fija | kk ||| |
| 040 ## - FUENTE DE LA CATALOGACIÓN | |
| Centro catalogador/agencia de origen | AR-LpoUNG |
| Lengua de catalogación | spa |
| Centro/agencia transcriptor | AR-LpoUNG |
| Normas de descripción | aacr |
| 082 0# - NÚMERO DE LA CLASIFICACIÓN DECIMAL DEWEY | |
| Número de clasificación | 982.065 687des |
| 245 00 - MENCIÓN DE TÍTULO | |
| Título | [Orlando Letelier] [afiche] |
| 300 ## - DESCRIPCIÓN FÍSICA | |
| Extensión | 1 lám. : byn : 45 x 58 cm. |
| 500 ## - NOTA GENERAL | |
| Nota general | El afiche pertenece a la colección de Derechos Humanos del Sr. Carlos Martinez Vidal. El item se encuentra enmarcado y en el mismo se puede leer: "I was born a Chilean/I am a Chilean/I will die a Chilean./They, the Fascists,/ were born traitors,/ live as traitors/and will be/remembered forever/ as Fascist traitors. - Orlando Letelier, 10 september 1976". - "Nací chileno / Soy chileno / Y moriré chileno. / Ellos, los fascistas,morirán traidores, / Y serán recordados para siempre como traidores fascistas Orlando Letelier, 10 de septiembre 1976" |
| 650 #4 - PUNTO DE ACCESO ADICIONAL DE MATERIA--TÉRMINO DE MATERIA | |
| Término de materia o nombre geográfico como elemento de entrada | CHILE |
| 650 #4 - PUNTO DE ACCESO ADICIONAL DE MATERIA--TÉRMINO DE MATERIA | |
| Término de materia o nombre geográfico como elemento de entrada | DERECHOS HUMANOS |
| 650 #4 - PUNTO DE ACCESO ADICIONAL DE MATERIA--TÉRMINO DE MATERIA | |
| Término de materia o nombre geográfico como elemento de entrada | DICTADURA |
| 650 #4 - PUNTO DE ACCESO ADICIONAL DE MATERIA--TÉRMINO DE MATERIA | |
| Término de materia o nombre geográfico como elemento de entrada | HISTORIA POLITICA |
| 905 ## - ELEMENTOS DE DATOS E LOCAL, LDE (RLIN) | |
| a | 36169 |
| 942 ## - ELEMENTOS DE PUNTO DE ACCESO ADICIONAL (KOHA) | |
| Tipo de ítem Koha | Afiche |
| Estado de retiro | Estado de pérdida | Estado dañado | No para préstamo | Código de colección | Localización permanente | Ubicación/localización actual | Fecha de adquisición | Total de préstamos | Signatura topográfica completa | Código de barras | Fecha visto por última vez | Precio válido a partir de | Tipo de ítem Koha |
|---|---|---|---|---|---|---|---|---|---|---|---|---|---|
| Colección General | Biblioteca Universidad Nacional de General Sarmiento | Biblioteca Universidad Nacional de General Sarmiento | 07/03/2023 | 982.065 687des | 00044003 | 07/03/2023 | 07/03/2023 | Afiche |